Países con mayor coeficiente intelectual - Estadísticas

Estadísticas generales
  • Esta prueba ha sido intentada 90 veces
  • La puntuación promedio es 8 de 13
Estadísticas de respuestas
Hint Respuesta % Correcto
IQ: 100 China
99%
IQ: 105 Japón
96%
IQ: 106 Corea del sur
89%
IQ: 100 Reino Unido
68%
IQ: 100 Noruega
67%
IQ: 101 Suiza
63%
IQ: 101 Islandia
57%
IQ: 102 Italia
55%
IQ: 100 Austria
50%
IQ: 108 Singapur
50%
IQ: 100 Luxemburgo
45%
IQ: 101 Mongolia
26%
IQ: 100 Holanda
22%
No se encontraron pruebas coincidentes
Distribución de puntuación
Porcentaje de gente con cada puntuación
Porcentaje por número respondido
Historial de tus puntuaciones
No has intentado esta prueba.